Healthcare workers perception on pandemic preparedness as a tertiary hospital in Southern Malawi / (Record no. 25309)

MARC details
000 -LEADER
fixed length control field 00549nam a22001577a 4500
003 - CONTROL NUMBER IDENTIFIER
control field AUA.1
005 - DATE AND TIME OF LATEST TRANSACTION
control field 20260208114122.0
008 - FIXED-LENGTH DATA ELEMENTS--GENERAL INFORMATION
fixed length control field 260208b |||||||| |||| 00| 0 eng d
040 ## - CATALOGING SOURCE
Transcribing agency JTL
100 ## - MAIN ENTRY--PERSONAL NAME
Personal name Manda, Rose Bubily Kamanga
245 ## - TITLE STATEMENT
Title Healthcare workers perception on pandemic preparedness as a tertiary hospital in Southern Malawi /
Statement of responsibility, etc Rose Bubily Kamanga Manda.
260 ## - PUBLICATION, DISTRIBUTION, ETC. (IMPRINT)
Date of publication, distribution, etc c2025.
300 ## - PHYSICAL DESCRIPTION
Extent ix, 86 leaves :
Other physical details illustrations;
Dimensions 30 cm.
650 ## - SUBJECT ADDED ENTRY--TOPICAL TERM
Topical term or geographic name as entry element Emergency medical services
General subdivision Malawi
942 ## - ADDED ENTRY ELEMENTS (KOHA)
Source of classification or shelving scheme AUA Inhouse Classification
Koha item type Thesis
Classification part MPH
Item part .M36 2025
Holdings
Withdrawn status Lost status Source of classification or shelving scheme Damaged status Not for loan Collection code Home library Current library Shelving location Date acquired Source of acquisition Cost, normal purchase price Serial Enumeration / chronology Total Checkouts Full call number Barcode Date last seen Cost, replacement price Price effective from Koha item type
    AUA Inhouse Classification     JTL Research Collection Judith Thomas Library Judith Thomas Library Judith Thomas Library Research Section 08/02/2026 School of Postgraduate Studies 25.00 AUA28061   MPH .M36 2025 AUA28061 08/02/2026 25.00 08/02/2026 Thesis